|
|
|
|
| LEADER |
00000nam0a2200000 4500 |
| 001 |
128095 |
| 005 |
20231031132522.0 |
| 010 |
|
|
|a 9785818909837
|
| 035 |
|
|
|a (RuTPU)RU\TPU\book\138549
|
| 090 |
|
|
|a 128095
|
| 100 |
|
|
|a 20071224d2007 m y0rusy50 ca
|
| 101 |
1 |
|
|a rus
|c fre
|
| 102 |
|
|
|a RU
|
| 105 |
|
|
|a y z 000ay
|
| 200 |
1 |
|
|a Первая любовь Анны Австрийской
|e пер. с фр.
|f Ш. Далляр
|
| 210 |
|
|
|a Москва
|c Гелеос
|d 2007
|
| 215 |
|
|
|a 400 с.
|
| 225 |
1 |
|
|a Дворцовые тайны
|
| 330 |
|
|
|a Страстная любовь французской королевы и герцога Бэкингемского вызвала немало кривотолков. С уст придворных не сходили вопросы: что происходит в королевских покоях? Почему кардинал Ришелье так яростно преследует влюбленных, плетет хитроумные интриги? Возможно, он сам влюблен в прекрасную Анну? Роман «Первая любовь Анны Австрийской» — самая романтичная и самая загадочная история королевской любви.
|
| 610 |
1 |
|
|a французская литература
|
| 610 |
1 |
|
|a исторические романы
|
| 610 |
1 |
|
|a любовь
|
| 675 |
|
|
|a 84
|v 3
|
| 700 |
|
1 |
|a Далляр
|b Ш.
|g Шарль
|
| 801 |
|
1 |
|a RU
|b 63413507
|c 20071224
|g PSBO
|
| 801 |
|
2 |
|a RU
|b 63413507
|c 20080114
|g PSBO
|
| 942 |
|
|
|c BK
|